ბათუმის შოთა რუსთაველის სახელმწიფო უნივერსიტეტის ბიბლიოთეკა

50 лет международным пактам о правах человека : (ბიბ.ჩანაწერი № 58833)

000 -LEADER
fixed length control field 01086nam a22001697a 4500
005 - DATE AND TIME OF LATEST TRANSACTION
control field 20221006105253.0
008 - FIXED-LENGTH DATA ELEMENTS--GENERAL INFORMATION
fixed length control field 221006s2017 rus||||| |||| 00| 0 ru d
020 ## - INTERNATIONAL STANDARD BOOK NUMBER
International Standard Book Number 9785209080282
041 ## - LANGUAGE CODE
Language code of text/sound track or separate title rus
080 ## - UNIVERSAL DECIMAL CLASSIFICATION NUMBER
Universal Decimal Classification number 341.231.14.24(063) П-39
245 ## - TITLE STATEMENT
Title 50 лет международным пактам о правах человека :
Remainder of title Материалы научно-практической конференции Москва, 17 декабря 2016 г. /
Statement of responsibility, etc. Ответств. ред. А.Х. Абашидзе; Федеральное гос. автономн. образоват. учреждение высшего образования, Российский ун-т дружбы народов, Юридич. ин-т кафедра международного права
264 ## - PRODUCTION, PUBLICATION, DISTRIBUTION, MANUFACTURE, AND COPYRIGHT NOTICE
Place of production, publication, distribution, manufacture Москва:
Name of producer, publisher, distributor, manufacturer Россйский университет дружбы народов,
Date of production, publication, distribution, manufacture, or copyright notice 2017.
300 ## - PHYSICAL DESCRIPTION
Extent 181 стр.;
Other physical details 20см.
653 ## - INDEX TERM--UNCONTROLLED
keyword ადამიანის უფლებები
700 ## - ADDED ENTRY--PERSONAL NAME
Personal name Абашидзе, А.Х.
Relator term რედაქტორი
9 (RLIN) 15073
942 ## - ADDED ENTRY ELEMENTS (KOHA)
Source of classification or shelving scheme
Koha item type წიგნი
ეგზემპლარები
Withdrawn status Lost status Source of classification or shelving scheme Damaged status Not for loan Permanent Location Current Location Shelving location Date acquired Cost, normal purchase price Full call number Barcode Date last seen Copy number Price effective from Koha item type Public note
          ბათუმის შოთა რუსთაველის სახელმწიფო უნივერსიტეტის მთავარი ბიბლიოთეკა ბათუმის შოთა რუსთაველის სახელმწიფო უნივერსიტეტის მთავარი ბიბლიოთეკა წიგნსაცავი 2022-10-06 5.00 341.231.14.24(063) П-39 28607 2022-10-06 28607 2022-10-06 წიგნი 5 ლ.
          ბათუმის შოთა რუსთაველის სახელმწიფო უნივერსიტეტის მთავარი ბიბლიოთეკა ბათუმის შოთა რუსთაველის სახელმწიფო უნივერსიტეტის მთავარი ბიბლიოთეკა წიგნსაცავი 2022-10-06 5.00 341.231.14.24(063) П-39 28608 2022-10-06 28608 2022-10-06 წიგნი 5 ლ.